00293nam a2200097Ia 45000010005000000080041000050820028000461000039000742450058001132600024001714083241024s9999 xx 000 0 und d aRD/336.97293/D598c/2016 aDirección General de Presupuesto 0aConocazmos el Presupuesto. Presupuesto Ciudadano 2016 bSanto Domingoc2016